|
|
|
|
| LEADER |
00000cam a2200000 4500 |
| 001 |
vtls012280102 |
| 003 |
SK-MaSNL |
| 005 |
20260301152427.0 |
| 008 |
250722s2024 xo ob g 000 0 slo |
| 015 |
|
|
|a SNBA2025/11
|
| 020 |
|
|
|a 9788069022140
|q (viazané)
|
| 040 |
|
|
|a SNK
|b slo
|c SNK
|e rda
|
| 041 |
1 |
|
|a slo
|h [ita]
|
| 044 |
|
|
|a xo
|c SK
|
| 072 |
|
7 |
|a 27-5
|x Liturgia. Kresťanské umenie a symbolika. Duchovný život
|2 konspekt
|
| 080 |
|
|
|a 27-549
|2 2011
|
| 080 |
|
|
|a 27-145.55
|2 2011
|
| 080 |
|
|
|a (048.8)
|2 2011
|
| 080 |
|
|
|a 913(4/9)
|2 2011
|
| 100 |
1 |
|
|a Acutis, Carlo,
|d 1991-2006
|4 aut
|9 176551
|
| 240 |
1 |
0 |
|a I miracoli eucaristici nel mundo
|l Slovensky
|
| 245 |
1 |
0 |
|a Eucharistické zázraky vo svete
|c Carlo Acutis ; z talianskeho originálu I miracoli eucaristici nel mundo ... preložil Jozef Kováčik
|
| 250 |
|
|
|a Druhé vydanie
|
| 264 |
|
1 |
|a Bratislava
|b TV LUX s.r.o.
|c 2024
|
| 300 |
|
|
|a 363 strán
|b fotografie, mapy
|c 21 cm
|
| 336 |
|
|
|a text
|b txt
|2 rdacontent
|
| 336 |
|
|
|a statický obraz
|b sti
|2 rdacontent
|
| 337 |
|
|
|a bez média
|b n
|2 rdamedia
|
| 338 |
|
|
|a zväzok
|b nc
|2 rdacarrier
|
| 650 |
0 |
7 |
|a eucharistia
|2 SNKPH
|9 796
|
| 650 |
0 |
7 |
|a zázraky
|2 SNKPH
|9 1961
|
| 650 |
0 |
7 |
|a Eucharist
|2 SNKPHeng
|9 303107
|
| 650 |
0 |
7 |
|a Miracles
|2 SNKPHeng
|9 311590
|
| 650 |
0 |
7 |
|a Countries of the world
|2 SNKPHeng
|9 266537
|
| 651 |
|
7 |
|a krajiny sveta
|2 SNKPHgeo
|9 253334
|
| 655 |
|
7 |
|a monografie
|2 SNKPH
|9 70139
|
| 655 |
|
7 |
|a Monographs
|2 SNKPHeng
|9 120675
|
| 700 |
1 |
|
|a Kováčik, Jozef,
|d 1972-
|4 trl
|9 108088
|
| 852 |
|
|
|a Slovenská národná knižnica
|
| 919 |
|
|
|a 978-80-69022-14-0
|
| 954 |
|
|
|a odborná, vedecká literatúra cudzojazyčná (svetová)
|2 lita
|
| 958 |
|
|
|a NT
|
| 958 |
|
|
|a OP
|
| 968 |
|
|
|b IT
|
| 999 |
|
|
|c 789221
|d 791151
|
| 952 |
|
|
|a SNK
|b SNK
|y PREZ
|7 0
|p 17A1576379
|o snkSC 211137
|i snk2025/11853
|8 0
|0 0
|1 0
|4 0
|d 2025-07-22
|l 0
|r 2026-02-24 01:31:38
|w 2026-02-24
|
| 952 |
|
|
|a SNK
|b SNK
|y VYP
|7 0
|p 17A1576380
|o snkSC 211137 D1
|i snk2025/11854
|8 0
|0 0
|1 0
|4 0
|d 2025-07-22
|l 0
|r 2026-02-24 01:31:38
|w 2026-02-24
|